| 000 | 00850nam a2200277Ia 4500 | ||
|---|---|---|---|
| 003 | OSt | ||
| 005 | 20220926003828.0 | ||
| 006 | a|||||r|||| 00| 0 | ||
| 007 | ta | ||
| 008 | 220923b |||||||| |||| 00| 0 eng d | ||
| 020 |
_a9788131716540 _c531.25 |
||
| 037 |
_b2573, 14/03/2014, VIBHA BOOKS INTERNATIONAL _cGeneral Book |
||
| 040 |
_aRTL _cRTL _beng |
||
| 041 |
_2eng _aeng |
||
| 082 | _aX65:515, P5;P2 | ||
| 100 | _aHULL John C. | ||
| 245 | 0 | _aFundamentals of futures and options markets | |
| 250 | _a5th | ||
| 260 |
_a New Delhi _bPearson _c2005 |
||
| 300 |
_a572p _ccm. |
||
| 490 | _aAnthropology, Culture and Society | ||
| 500 | _aBibliography: P 221-38 | ||
| 650 | _aCommerce | ||
| 942 |
_hX65:515, P5;P2 _cGB _2CC |
||
| 999 |
_c608956 _d608956 |
||